Ingrid Bergman, my story / (Record no. 686)

MARC details
000 -LEADER
fixed length control field 00799pam a2200253 i 4500
005 - DATE AND TIME OF LATEST TRANSACTION
control field 20260322212030.0
008 - FIXED-LENGTH DATA ELEMENTS--GENERAL INFORMATION
fixed length control field data
010 ## - LIBRARY OF CONGRESS CONTROL NUMBER
LC control number 80015420
020 ## - INTERNATIONAL STANDARD BOOK NUMBER
International Standard Book Number 0440032997
020 ## - INTERNATIONAL STANDARD BOOK NUMBER
International Standard Book Number 9780440032991
040 ## - CATALOGING SOURCE
Original cataloging agency DLC
Transcribing agency DLC
Modifying agency DLC
050 00 - LIBRARY OF CONGRESS CALL NUMBER
Classification number PN2778.B43
Item number A34 1980
082 00 - DEWEY DECIMAL CLASSIFICATION NUMBER
Classification number B
-- B
001 - CONTROL NUMBER
control field data
100 1# - MAIN ENTRY--PERSONAL NAME
Personal name Bergman, Ingrid,
Dates associated with a name 1915-1982.
245 10 - TITLE STATEMENT
Title Ingrid Bergman, my story /
Statement of responsibility, etc. Ingrid Bergman & Alan Burgess.
260 ## - PUBLICATION, DISTRIBUTION, ETC.
Place of publication, distribution, etc. New York :
Name of publisher, distributor, etc. Delacorte Press,
Date of publication, distribution, etc. c1980.
300 ## - PHYSICAL DESCRIPTION
Extent 504 p., [32] leaves of plates :
Other physical details ill. ;
Dimensions 24 cm.
500 ## - GENERAL NOTE
General note Includes index.
504 ## - BIBLIOGRAPHY, ETC. NOTE
Bibliography, etc. note "Chronology of the films, plays, and television appearances of Ingrid Bergman": p. 485-494.
600 10 - SUBJECT ADDED ENTRY--PERSONAL NAME
Personal name Bergman, Ingrid,
Dates associated with a name 1915-1982.
650 #0 - SUBJECT ADDED ENTRY--TOPICAL TERM
Topical term or geographic name entry element Actors
Geographic subdivision Sweden
General subdivision Biography.
700 1# - ADDED ENTRY--PERSONAL NAME
Personal name Burgess, Alan,
Relator term joint author.
Holdings
Withdrawn status Lost status Damaged status Not for loan Home library Current library Shelving location Date acquired Total checkouts Full call number Barcode Date last seen Price effective from Koha item type
        Centerville Centerville General stacks 22/03/2026   791.43/028/0924 B BC0010703 22/03/2026 22/03/2026 Books